| 000 | 00342nam a2200121Ia 4500 | ||
|---|---|---|---|
| 008 | 210430s9999 xx 000 0 und d | ||
| 082 | _a621.4022 D975 H | ||
| 100 |
_aBinay K. Dutta _954156 |
||
| 245 |
_aHeat Transfer Principles and Applications _cBinay K. Dutta |
||
| 260 |
_aIndia _bPrentice-Hall _c2006 |
||
| 300 | _a525p | ||
| 942 |
_cBK _2ddc |
||
| 999 |
_c564632 _d564632 |
||